000 00987nam a2200265 a 4500
003 BLK
005 20250721115203.0
008 201211b bu |||||r|||| 00| | bu d
020 _a9789542725930
040 _aBLK
041 _aBUL
_cBUL
080 _aБългарска литература
_b821.163.2
_x-312.4
_z821.163.2-312.4
100 _91299
_aЛаптева, Гергана Гришева
_eпърви автор
139 _aЛаптева, Гергана Гришева
_bЛ 24
245 _aБожествен аромат
_bроман
_cГергана Лаптева
260 _9390250
_aСофия
_bАнишър
_c2021
_f(София : Инвестпрес)
300 _a448 с.
_c21 см
380 _aX
500 _aАнишър - търг. марка на Егмонт България; За автора: с. 448.
852 _aЦб
_bЦб
942 _cKNG
_n0
_s1
_022
944 _aCR
_k30575
_lМартин Енчев
999 _c438995
_d438995
999 _d438995
999 _d392272